00582 2200181 4500245005600000020002200056250001100078100001800089700002400107650002000131005001900151260004100170041001400211084000800225300002500233500013300258336000900391 aAku Manusia , Kamu Bukan TuhancBhina SatiadihText a978-602-02-5644-3 aCet. 1 aBhina Satiadi aPradita Seti Rahayu aNovel Indonesia a20231003132617 aJakartabElex Media Komputindoc2015 aIndonesia a813 a349 hlm. :c19.5 cm. aTiga pria dengan tiga latar belakang berbeda, namun terjebak masuk kedalam lingkungan yang tak bisa mereka bayangkan sebelumnya. atext